000 00550nam a2200193Ia 4500
999 _c49668
_d49668
001 16600
003 GE_BSU
005 20200131140124.0
008 181216s2011||||en |||||||||||||| ||eng||
020 _a978-0545267120
040 _cGE_BSU
080 _a37 T-44
245 4 _aTHE MINDUP Curriculum :
_bGrades PreK–2: Brain-Focused Strategies for Learning—and Living
264 _aNew York :
_bScholastic,
_c2011.
300 _a160 p .:
_c27 cm.
653 _aTHE MINDUP Curriculum
653 _aპედაგოგიკა
942 _cBK
_2udc